[Event "BL2-N 9293"]
[Site "GER"]
[Date "1993.??.??"]
[Round "?"]
[White "Konopka, Michal"]
[Black "Romanishin, Oleg M"]
[Result "1/2-1/2"]
[WhiteElo "2380"]
[BlackElo "2615"]
[PlyCount "160"]
[EventDate "1992.10.??"]
[Source "www.chesslib.no"]
[SourceDate "2004.05.04"]

1. Nf3 Nf6 2. c4 e6 3. g3 a6 4. Bg2 b5 5. b3 c5 6. O-O Bb7 7. Nc3 Qa5 8. Bb2 Be7 9. d3 O-O 10. Qd2 Nc6 11. e4 d6 12. Ne2 Qxd2 13. Nxd2 Nb4 14. Nc1 Nd7 15. a3 Nc6 16. Nf3 Rab8 17. Ne2 Na5 18. Nd2 bxc4 19. dxc4 Ba8 20. b4 Nc6 21. Bc3 cxb4 22. axb4 Nxb4 23. Rfb1 Nd3 24. Rxa6 Rxb1+ 25. Nxb1 Rb8 26. Nd2 N7c5 27. Ra7 Bd8 28. Bd4 Bc6 29. Ra1 h6 30. f3 Na4 31. Bf1 Ne5 32. Kf2 Ba5 33. Bxe5 dxe5 34. Rb1 Rd8 35. Nb3 Bb6+ 36. Kg2 f5 37. c5 Bc7 38. exf5 exf5 39. Kf2 Rb8 40. Nec1 Kf8 41. Ra1 Rb4 42. Ra2 e4 43. fxe4 Nc3 44. Ra3 Nxe4+ 45. Ke3 Bd5 46. Nd4 Nxc5 47. Nxf5 Bb6 48. Nd3 Ne4+ 49. Kf4 Rb1 50. Bg2 Bc7+ 51. Ke3 Nxg3 52. Bxd5 Nxf5+ 53. Ke4 Nd6+ 54. Kf3 Nb5 55. Ra8+ Ke7 56. h3 Rg1 57. Bc4 Rg3+ 58. Kf2 Nd4 59. Ra7 Rf3+ 60. Kg2 Rg3+ 61. Kf2 Rf3+ 62. Kg2 Kd8 63. Ra8+ Kd7 64. Bb5+ Ke7 65. Ra7 Rg3+ 66. Kf2 Nxb5 67. Rxc7+ Nxc7 68. Kxg3 Kf6 69. Kg4 Nd5 70. Nf2 g6 71. h4 h5+ 72. Kg3 Ke5 73. Nh3 Ne3 74. Ng5 Nf5+ 75. Kh3 Kf4 76. Ne6+ Kf3 77. Ng5+ Kf2 78. Ne4+ Ke3 79. Ng5 Nd4 80. Kg3 Ne2+ 1/2-1/2